[Event "PRO League Group Stage"]
[Site "chess.com INT"]
[Date "2020.02.13"]
[Round "6"]
[White "Lagarde, Maxime"]
[Black "Diaz Camallonga, Carles"]
[Result "0-1"]
[WhiteTitle "GM"]
[BlackTitle "IM"]
[WhiteElo "2651"]
[BlackElo "2474"]
[WhiteTeam "France Roosters"]
[BlackTeam "Spain Raptors"]
[WhiteFideId "662399"]
[BlackFideId "22235256"]
[EventDate "2020.01.06"]

1. g3 d5 2. Bg2 Nf6 3. Nf3 e6 4. O-O Be7 5. d3 O-O 6. Nbd2 b5 7. e4 c5 8. Re1
Nc6 9. e5 Nd7 10. Nf1 a5 11. h4 a4 12. N1h2 a3 13. bxa3 Bb7 14. Ng4 Nd4 15. c3
Nxf3+ 16. Qxf3 Ra7 17. Qf4 c4 18. d4 Bxa3 19. Be3 Bb2 20. Rab1 Bxc3 21. Rec1 b4
22. Nh2 Ba8 23. Qg4 Kh8 24. Nf3 Qe8 25. Rc2 Bc6 26. Ng5 h6 27. Nh3 f5 28. Qe2
Qf7 29. Nf4 Rfa8 30. Bf3 Nf8 31. Bh5 Qe7 32. Kg2 Be8 33. Bxe8 Qxe8 34. h5 Qf7
35. g4 fxg4 36. Qxg4 Rxa2 37. Rxa2 Rxa2 38. Ne2 Bb2 39. Rh1 Ba3 40. Nf4 b3 41.
Ne2 Bb4 42. Rh3 Qf5 43. Qh4 Qe4+ 44. Qxe4 dxe4 0-1

[Event "PRO League Group Stage"]
[Site "chess.com INT"]
[Date "2020.02.13"]
[Round "6"]
[White "Martinez Reyes, Pedro Ramon"]
[Black "Edouard, Romain"]
[Result "1/2-1/2"]
[WhiteTitle "FM"]
[BlackTitle "GM"]
[WhiteElo "2407"]
[BlackElo "2640"]
[WhiteTeam "Spain Raptors"]
[BlackTeam "France Roosters"]
[WhiteFideId "3901807"]
[BlackFideId "633429"]
[EventDate "2020.01.06"]

1. e4 c5 2. c3 d5 3. exd5 Qxd5 4. d4 Nf6 5. Nf3 e6 6. Na3 Be7 7. Nb5 Na6 8. Be2
O-O 9. O-O Qd8 10. Bf4 b6 11. Ne5 Bb7 12. Bf3 Qc8 13. Qe2 Nb8 14. dxc5 Bxc5 15.
Nc4 Bxf3 16. Qxf3 Nd5 17. Bd6 Bxd6 18. Ncxd6 Qc6 19. c4 Ne7 20. Qa3 a6 21. Nd4
Qc5 22. Qxc5 bxc5 23. Nb3 Nd7 24. Ne4 Rfc8 25. Rfd1 Rc7 26. Na5 h5 27. Rd3 Ne5
28. Rd2 N7c6 29. Nxc6 Rxc6 30. Rad1 Nxc4 31. Rc2 Nb6 32. Rxc5 1/2-1/2

[Event "PRO League Group Stage"]
[Site "chess.com INT"]
[Date "2020.02.13"]
[Round "6"]
[White "Herrera Reyes, Jose Antonio"]
[Black "Cornette, Matthieu"]
[Result "0-1"]
[WhiteTitle "FM"]
[BlackTitle "GM"]
[WhiteElo "2304"]
[BlackElo "2555"]
[WhiteTeam "Spain Raptors"]
[BlackTeam "France Roosters"]
[WhiteFideId "2274914"]
[BlackFideId "620084"]
[EventDate "2020.01.06"]

1. Nf3 Nf6 2. g3 d5 3. Bg2 c5 4. O-O Nc6 5. c4 d4 6. d3 e5 7. b4 cxb4 8. a3 bxa3
9. Qa4 Bd7 10. Bxa3 Be7 11. Bxe7 Qxe7 12. Qa3 a6 13. Nbd2 Qxa3 14. Rxa3 O-O 15.
Rb1 Rab8 16. Rab3 Na5 17. Ra3 Nc6 18. Rab3 Bc8 19. Ng5 Ra8 20. Nge4 Nd7 21. R3b2
Ra7 22. c5 f5 23. Nd6 Nxc5 24. Rc2 Na4 25. Bd5+ Kh8 26. Nf7+ Rxf7 27. Bxf7 Nc3
28. Re1 b5 29. Bd5 Nb4 30. Bb3 Nxc2 31. Bxc2 Rc7 32. Bb3 a5 33. e3 a4 34. exd4
axb3 35. Nxb3 e4 36. dxe4 fxe4 37. f3 Re7 38. Re3 b4 39. Nc5 Bf5 40. g4 Bg6 41.
f4 Nd5 42. Rb3 e3 43. Kf1 e2+ 44. Ke1 Nxf4 0-1

[Event "PRO League Group Stage"]
[Site "chess.com INT"]
[Date "2020.02.13"]
[Round "6"]
[White "Hammer, Jon Ludvig"]
[Black "Van Wely, Loek"]
[Result "1-0"]
[WhiteTitle "GM"]
[BlackTitle "GM"]
[WhiteElo "2628"]
[BlackElo "2609"]
[WhiteTeam "Norway Gnomes"]
[BlackTeam "Netherlands Mosquitoes"]
[WhiteFideId "1503707"]
[BlackFideId "1000268"]
[EventDate "2020.01.06"]

1. c4 c6 2. Nf3 d5 3. e3 Nf6 4. d4 Bg4 5. Nc3 e6 6. h3 Bxf3 7. Qxf3 Nbd7 8. Bd2
Bd6 9. Qd1 O-O 10. Be2 Qe7 11. O-O e5 12. cxd5 Nxd5 13. Nxd5 cxd5 14. Bc3 e4 15.
Qb3 Nf6 16. Rfc1 h5 17. Rc2 g5 18. Rac1 g4 19. h4 g3 20. fxg3 Bxg3 21. Bb4 Qd7
22. Rf1 Bxh4 23. Bxf8 Rxf8 24. Qb5 Qd6 25. Qxb7 Qg3 26. Rc3 Rb8 27. Rc8+ Rxc8
28. Qxc8+ Kg7 29. Qh3 Qxh3 30. gxh3 Bg5 31. Kf2 Bh4+ 32. Kg2 Bg5 33. b4 Bxe3 34.
Rd1 Nd7 35. a4 f5 36. a5 f4 37. Bxh5 a6 38. Be2 f3+ 39. Bxf3 exf3+ 40. Kxf3 Bg5
41. Rb1 Bf6 42. b5 Bxd4 43. bxa6 Kf6 44. Kg2 Ne5 45. Rb6+ Bxb6 46. axb6 d4 47.
b7 1-0

[Event "PRO League Group Stage"]
[Site "chess.com INT"]
[Date "2020.02.13"]
[Round "6"]
[White "Ducarmon, Quinten"]
[Black "Hauge, Lars Oskar"]
[Result "0-1"]
[WhiteTitle "IM"]
[BlackTitle "IM"]
[WhiteElo "2486"]
[BlackElo "2493"]
[WhiteTeam "Netherlands Mosquitoes"]
[BlackTeam "Norway Gnomes"]
[WhiteFideId "1025007"]
[BlackFideId "1509276"]
[EventDate "2020.01.06"]

1. e4 c5 2. Nf3 Nc6 3. Bb5 Nf6 4. Nc3 Qc7 5. O-O Nd4 6. Re1 a6 7. Bf1 Ng4 8. g3
Nxf3+ 9. Qxf3 Ne5 10. Qe3 e6 11. f4 Nc6 12. b3 Be7 13. Nd5 exd5 14. exd5 O-O 15.
Bb2 Bd8 16. dxc6 Qxc6 17. Bg2 d5 18. Qd3 Qh6 19. Qxd5 Bb6 20. Re7 Be6 21. Qd6
Ba7 22. Rxb7 c4+ 23. Kh1 Bf2 24. f5 Rad8 25. Qe5 Bc8 26. Rc7 Rfe8 27. Re7 Rxe7
28. Qxe7 Qxd2 29. Rf1 Bb6 30. bxc4 Qxc2 31. Re1 h6 32. Bd5 Qxf5 33. Qxd8+ Bxd8
34. Re8+ Kh7 35. Be4 Qxe4+ 36. Rxe4 Bb7 0-1

[Event "PRO League Group Stage"]
[Site "chess.com INT"]
[Date "2020.02.13"]
[Round "6"]
[White "Vrolijk, Liam"]
[Black "Niemann, Hans Moke"]
[Result "0-1"]
[WhiteTitle "IM"]
[BlackTitle "IM"]
[WhiteElo "2478"]
[BlackElo "2465"]
[WhiteTeam "Netherlands Mosquitoes"]
[BlackTeam "Norway Gnomes"]
[WhiteFideId "1048333"]
[BlackFideId "2093596"]
[EventDate "2020.01.06"]

1. d4 Nf6 2. c4 e6 3. Nc3 Bb4 4. Qc2 O-O 5. e4 d6 6. e5 Nfd7 7. exd6 cxd6 8. Bd3
e5 9. Ne2 Nc6 10. O-O Bxc3 11. bxc3 Nf6 12. Bg5 h6 13. Bh4 Qe7 14. Rae1 g5 15.
Qd2 gxh4 16. Qxh6 e4 17. Qg5+ Kh8 18. Nf4 Nh7 19. Qxe7 Nxe7 20. Rxe4 Nc6 21. Re3
Nf6 22. Nd5 Kg7 23. Nc7 Rb8 24. c5 dxc5 25. d5 Nd8 26. Rfe1 Bd7 27. Re5 Rc8 28.
d6 Ne6 29. Nd5 Nxd5 30. Rxd5 Bc6 31. Rh5 Rh8 32. Rhe5 Rcd8 0-1

[Event "PRO League Group Stage"]
[Site "chess.com INT"]
[Date "2020.02.13"]
[Round "6"]
[White "Korobov, Anton"]
[Black "Moiseenko, Alexander"]
[Result "1-0"]
[WhiteTitle "GM"]
[BlackTitle "GM"]
[WhiteElo "2685"]
[BlackElo "2620"]
[WhiteTeam "Germany Bears"]
[BlackTeam "Italy Gladiators"]
[WhiteFideId "14105730"]
[BlackFideId "14102560"]
[EventDate "2020.01.06"]

1. c4 e5 2. Nc3 Bb4 3. Nd5 Bc5 4. Nf3 c6 5. Nc3 d6 6. e3 Bb4 7. d4 e4 8. Nd2 f5
9. Qa4 Bxc3 10. bxc3 Nf6 11. Ba3 O-O 12. Be2 Na6 13. c5 dxc5 14. Bxa6 bxa6 15.
Qxc6 Bd7 16. Qxa6 Ng4 17. h3 Qh4 18. g3 Qh5 19. Bxc5 Rfb8 20. Qe2 Rb2 21. O-O-O
Ne5 22. g4 Nd3+ 23. Qxd3 exd3 24. gxh5 Rab8 25. Nb3 Rxa2 26. Rd2 Ra4 27. Rb2 Be6
28. Bb4 Bxb3 29. Rxb3 a5 30. Kd2 axb4 31. Kxd3 Ra2 32. Rxb4 Re8 33. Rh2 Kf7 34.
Rb7+ Kf6 35. Rg2 f4 36. exf4 Ree2 37. Rgxg7 1-0

[Event "PRO League Group Stage"]
[Site "chess.com INT"]
[Date "2020.02.13"]
[Round "6"]
[White "Tomczak, Jacek"]
[Black "Moroni, Luca Jr"]
[Result "1-0"]
[WhiteTitle "GM"]
[BlackTitle "GM"]
[WhiteElo "2603"]
[BlackElo "2532"]
[WhiteTeam "Germany Bears"]
[BlackTeam "Italy Gladiators"]
[WhiteFideId "1124668"]
[BlackFideId "865834"]
[EventDate "2020.01.06"]

1. e4 e5 2. Nf3 Nc6 3. Bc4 Bc5 4. b4 Bb6 5. a4 a6 6. Nc3 Nf6 7. Nd5 d6 8. O-O
O-O 9. Nxb6 cxb6 10. Re1 Nxb4 11. d4 Qc7 12. Bb3 Bg4 13. Ba3 a5 14. h3 Bxf3 15.
Qxf3 exd4 16. Bxb4 axb4 17. Rad1 Qc5 18. Qd3 Rfe8 19. Qxd4 Rad8 20. Re3 h6 21.
Kh1 Re7 22. e5 Ne8 23. Qh4 Qc7 24. Rg3 dxe5 25. Rxd8 Qxd8 26. Qxh6 e4 27. Qf4
Qd1+ 28. Kh2 Qd6 29. Qxd6 Nxd6 30. Rg5 Rc7 31. Rd5 Nc4 32. Rd8+ Kh7 33. Rd4 Na5
34. Rxe4 Nc6 35. Bd5 Rd7 36. Bxc6 bxc6 37. Rxb4 Rd2 38. Rc4 Rxf2 39. Rxc6 Rd2
40. Kg3 Rd4 41. c4 Rd3+ 42. Kf4 Ra3 43. Rxb6 Rxa4 44. Rc6 Ra2 45. g3 Rc2 46. Rc5
Rc3 47. h4 Kh6 48. g4 Rc1 49. Rh5+ Kg6 50. Rg5+ Kh6 51. c5 Rc4+ 52. Ke3 f6 53.
Kd3 Rc1 54. Rf5 Kg6 55. Kd4 Kf7 56. Kd5 Ke7 57. Kc6 Ke6 58. Rf2 Ke5 59. Kb6 Rb1+
60. Kc7 Rb4 61. Rg2 Rc4 62. c6 Kd5 63. Kd7 Ke5 64. Rd2 Kf4 65. g5 fxg5 66. hxg5
Kxg5 67. c7 Kf4 68. Rf2+ Kg3 69. Rf5 Kg4 70. Rd5 g5 71. Kd6 Rxc7 72. Kxc7 Kf4
73. Rd4+ Kf3 74. Kd6 g4 75. Ke5 g3 76. Rd3+ Kf2 77. Kf4 g2 78. Rd2+ Kf1 79. Kf3
g1=Q 80. Rd1# 1-0

[Event "PRO League Group Stage"]
[Site "chess.com INT"]
[Date "2020.02.13"]
[Round "6"]
[White "Valsecchi, Alessio"]
[Black "Braun, Arik"]
[Result "0-1"]
[WhiteTitle "GM"]
[BlackTitle "GM"]
[WhiteElo "2512"]
[BlackElo "2605"]
[WhiteTeam "Italy Gladiators"]
[BlackTeam "Germany Bears"]
[WhiteFideId "818860"]
[BlackFideId "4663527"]
[EventDate "2020.01.06"]

1. e4 c6 2. d4 d5 3. e5 Bf5 4. h4 Qb6 5. h5 h6 6. g4 Bd7 7. f4 e6 8. c3 c5 9.
Nf3 Nc6 10. Kf2 f6 11. Kg3 O-O-O 12. Rh2 Qc7 13. Na3 fxe5 14. dxe5 a6 15. c4
Nge7 16. Bd3 Kb8 17. Be3 Nb4 18. Nc2 Nxd3 19. Qxd3 dxc4 20. Qxc4 Nd5 21. a4 Be7
22. Rd2 Rhf8 23. Rc1 Bc6 24. b4 Nxe3 25. Rxd8+ Bxd8 26. Nxe3 Bxf3 27. Kxf3 Qxe5
28. Nf5 Qb2 29. Rc2 Qa3+ 30. Rc3 Qxb4 31. Nxg7 Bf6 32. Qxc5 Qxc3+ 33. Qxc3 Bxc3
34. Nxe6 Re8 35. f5 Bf6 36. Kf4 Kc8 37. Nc5 Bg5+ 38. Kf3 Kc7 39. Ne6+ Rxe6 40.
fxe6 Kd6 0-1

[Event "PRO League Group Stage"]
[Site "chess.com INT"]
[Date "2020.02.13"]
[Round "6"]
[White "Lodici, Lorenzo"]
[Black "Kollars, Dmitrij"]
[Result "1/2-1/2"]
[WhiteTitle "IM"]
[BlackTitle "GM"]
[WhiteElo "2477"]
[BlackElo "2592"]
[WhiteTeam "Italy Gladiators"]
[BlackTeam "Germany Bears"]
[WhiteFideId "884189"]
[BlackFideId "12909572"]
[EventDate "2020.01.06"]

1. d4 Nf6 2. c4 e6 3. Nc3 Bb4 4. f3 c5 5. d5 b5 6. e4 d6 7. Bd2 a6 8. a4 bxc4 9.
Bxc4 O-O 10. Nge2 exd5 11. Nxd5 Bxd2+ 12. Qxd2 Nc6 13. Rd1 Ne5 14. Ba2 Rb8 15.
Nef4 Nxd5 16. Nxd5 Qh4+ 17. Kf1 Bd7 18. a5 Bb5+ 19. Kg1 Bc4 20. Bxc4 Nxc4 21.
Qf2 Qg5 22. h4 Qe5 23. Rh3 Nxb2 24. Rf1 f5 25. f4 Qxe4 26. Nb6 Nd3 27. Qd2 c4
28. Nxc4 Qxc4 29. Rxd3 1/2-1/2

[Event "PRO League Group Stage"]
[Site "chess.com INT"]
[Date "2020.02.13"]
[Round "6"]
[White "Kashlinskaya, Alina"]
[Black "Amin, Bassem"]
[Result "1-0"]
[WhiteTitle "IM"]
[BlackTitle "GM"]
[WhiteElo "2484"]
[BlackElo "2673"]
[WhiteTeam "Poland Hussars"]
[BlackTeam "Sweden Wasabis"]
[WhiteFideId "4198026"]
[BlackFideId "10601457"]
[EventDate "2020.01.06"]

1. d4 f5 2. g3 Nf6 3. Bg2 e6 4. Nf3 Be7 5. O-O O-O 6. c4 d6 7. Nc3 Qe8 8. b4 Nc6
9. Qb3 Nd8 10. Nb5 Qd7 11. Bb2 a6 12. Nc3 Qe8 13. Rfe1 Qg6 14. a4 Nf7 15. c5 Ne4
16. cxd6 cxd6 17. d5 e5 18. Rac1 Bd8 19. e3 Bd7 20. Rc2 Qh5 21. a5 Nxc3 22. Qxc3
Rc8 23. Qb3 Rxc2 24. Qxc2 g5 25. Nd2 g4 26. f4 gxf3 27. Nxf3 Qg4 28. e4 fxe4 29.
Qxe4 Qh5 30. Kh1 Bg4 31. Rf1 Nh6 32. Nd2 Nf5 33. Kg1 b6 34. Bc3 b5 35. Rf2 Bc7
36. Nf1 Bb8 37. Ne3 Nxe3 38. Rxf8+ Kxf8 39. Qxe3 Qf7 40. Kh1 Bf5 41. h3 Ba7 42.
Qh6+ Ke7 43. Bd2 Bg6 44. Qh4+ Kd7 45. Qg4+ Kc7 46. Qg5 Bd4 47. Be3 Bc3 48. Kh2
Qd7 49. Bb6+ Kb7 50. h4 Bxb4 51. Bh3 Qe8 52. Qf6 e4 53. Qg7+ Qf7 54. Qh8 Qe8 55.
Qg7+ Qf7 56. Qh8 Bf5 57. Bxf5 Qxf5 58. Qg7+ 1-0

[Event "PRO League Group Stage"]
[Site "chess.com INT"]
[Date "2020.02.13"]
[Round "6"]
[White "Nasuta, Grzegorz"]
[Black "Hellers, Ferdinand"]
[Result "0-1"]
[WhiteTitle "GM"]
[BlackTitle "GM"]
[WhiteElo "2561"]
[BlackElo "2592"]
[WhiteTeam "Poland Hussars"]
[BlackTeam "Sweden Wasabis"]
[WhiteFideId "1141686"]
[BlackFideId "1700022"]
[EventDate "2020.01.06"]

1. e4 e5 2. Nf3 Nf6 3. Nxe5 d6 4. Nf3 Nxe4 5. d3 Nf6 6. d4 d5 7. Bd3 Bd6 8. Qe2+
Be6 9. Ng5 Qe7 10. Nxe6 fxe6 11. O-O Nc6 12. c3 e5 13. dxe5 Nxe5 14. Nd2 O-O 15.
Nf3 Nxd3 16. Qxd3 Rae8 17. Bg5 Qe2 18. Rad1 Qxd3 19. Rxd3 Re2 20. Rd2 Rfe8 21.
h3 Bc5 22. Bxf6 Rxd2 23. Nxd2 gxf6 24. Nb3 Bb6 25. Rd1 Re2 26. Rd2 Bxf2+ 27. Kf1
Rxd2 28. Nxd2 Bb6 29. Ke2 Kf7 30. c4 Ke6 31. cxd5+ Kxd5 32. Kd3 Bd4 33. b3 c5
34. Nf3 b5 35. Nd2 f5 36. a4 a6 37. axb5 axb5 38. g4 fxg4 39. hxg4 Ke5 40. b4
c4+ 41. Nxc4+ bxc4+ 42. Kxc4 Ke4 43. g5 Be3 44. b5 Bxg5 45. b6 Bf4 46. b7 h5 47.
Kc5 h4 0-1

[Event "PRO League Group Stage"]
[Site "chess.com INT"]
[Date "2020.02.13"]
[Round "6"]
[White "Meshkovs, Nikita"]
[Black "Heberla, Bartlomiej"]
[Result "1-0"]
[WhiteTitle "GM"]
[BlackTitle "GM"]
[WhiteElo "2565"]
[BlackElo "2564"]
[WhiteTeam "Sweden Wasabis"]
[BlackTeam "Poland Hussars"]
[WhiteFideId "11602740"]
[BlackFideId "1115120"]
[EventDate "2020.01.06"]

1. Nf3 Nf6 2. g3 d6 3. Bg2 Nbd7 4. c4 e5 5. O-O Be7 6. b3 O-O 7. Bb2 c6 8. d3
Re8 9. Nbd2 Bf8 10. e4 a6 11. d4 b5 12. Rc1 Bb7 13. Re1 g6 14. h3 c5 15. dxe5
Nxe5 16. Nxe5 dxe5 17. Qc2 Nh5 18. Rcd1 Ng7 19. Nf1 Qb8 20. Ne3 Ne6 21. Nd5 Bg7
22. h4 Nd4 23. Bxd4 exd4 24. f4 b4 25. e5 a5 26. h5 gxh5 27. Qf5 Bc8 28. Qg5 Bg4
29. Nf6+ Kh8 30. Nxg4 hxg4 31. Bxa8 Qxa8 32. Qxg4 Rg8 33. Kf2 d3 34. Qf3 Qa6 35.
Rxd3 a4 36. Rd6 Qa7 37. Rh1 axb3 38. Rxh7+ Kxh7 39. Qh5+ Bh6 40. Qxh6# 1-0

[Event "PRO League Group Stage"]
[Site "chess.com INT"]
[Date "2020.02.13"]
[Round "6"]
[White "Blomqvist, Erik"]
[Black "Gajewski, Grzegorz"]
[Result "0-1"]
[WhiteTitle "GM"]
[BlackTitle "GM"]
[WhiteElo "2539"]
[BlackElo "2614"]
[WhiteTeam "Sweden Wasabis"]
[BlackTeam "Poland Hussars"]
[WhiteFideId "1709437"]
[BlackFideId "1116207"]
[EventDate "2020.01.06"]

1. e4 c5 2. Nf3 e6 3. c3 d5 4. exd5 Qxd5 5. d4 Nf6 6. Na3 Nc6 7. Be3 cxd4 8. Nb5
Qd7 9. Nbxd4 Nd5 10. Bd2 Nxd4 11. Nxd4 a6 12. Bd3 Be7 13. Qe2 O-O 14. O-O Qc7
15. Rfe1 Nf4 16. Bxf4 Qxf4 17. a4 Bd7 18. Nf3 Bc6 19. Ne5 Bd6 20. Bxh7+ Kxh7 21.
Qd3+ Kg8 22. Qxd6 Rad8 23. Qc5 Rd5 24. Qc4 Qxc4 25. Nxc4 Rfd8 26. a5 Rc5 27. Ne5
Rd2 28. Nxc6 bxc6 29. b4 Rxc3 30. Rec1 Rcc2 31. Rxc2 Rxc2 32. g3 Kf8 33. Rd1 Ke7
34. Rd4 e5 35. Rh4 Rb2 36. Rc4 Kd6 37. Kg2 f5 38. Kf3 g5 39. h3 Rd2 40. Ke3 Rb2
41. h4 gxh4 42. Rxh4 Kd5 43. f3 Rb3+ 44. Ke2 e4 45. fxe4+ fxe4 46. Rh5+ Kd4 47.
Rc5 Rb2+ 48. Ke1 Kd3 49. Rxc6 Rb1+ 50. Kf2 e3+ 51. Kf3 Rf1+ 52. Kg2 e2 53. Rd6+
Kc4 54. Re6 e1=Q 55. Rxe1 Rxe1 56. Kf2 Re8 57. g4 Kxb4 0-1

[Event "PRO League Group Stage"]
[Site "chess.com INT"]
[Date "2020.02.13"]
[Round "6"]
[White "Amin, Bassem"]
[Black "Nasuta, Grzegorz"]
[Result "1-0"]
[WhiteTitle "GM"]
[BlackTitle "GM"]
[WhiteElo "2673"]
[BlackElo "2561"]
[WhiteTeam "Sweden Wasabis"]
[BlackTeam "Poland Hussars"]
[WhiteFideId "10601457"]
[BlackFideId "1141686"]
[EventDate "2020.01.06"]

1. Nf3 c5 2. g3 Nc6 3. Bg2 e5 4. e4 d6 5. O-O g6 6. c3 Bg7 7. a3 a5 8. a4 Nge7
9. Na3 O-O 10. d3 h6 11. Be3 Be6 12. Nd2 b6 13. Ndc4 d5 14. exd5 Nxd5 15. Qd2
Kh7 16. Rae1 Rb8 17. Nb5 Qd7 18. Qe2 Rfd8 19. Bc1 Nde7 20. f4 Qxd3 21. Qxd3 Rxd3
22. Nxe5 Nxe5 23. fxe5 Rd7 24. Nd6 Nf5 25. Bc6 Rc7 26. Bb5 Rd8 27. Bf4 Re7 28.
h4 Bd7 29. Bxd7 Nxd6 30. e6 fxe6 31. Bxe6 Rde8 32. Bxd6 Rxe6 33. Rxe6 Rxe6 34.
Bc7 Kg8 35. Kf2 Rc6 36. Bf4 Kf7 37. Rd1 Ke7 38. Ke3 Re6+ 39. Kd3 Be5 40. Bxh6
Bxg3 41. Bg5+ Kf7 42. Rg1 Bc7 43. Rg2 Re5 44. Kc4 Rf5 45. Kb5 Ke6 46. Kc6 Bf4
47. Bd8 Kf7 48. c4 Be3 49. b3 Bd4 50. Rg3 Bf2 51. Rh3 Bd4 52. Bxb6 Rf6+ 53. Kb5
Ke7 54. Bxa5 Kd7 55. Bb6 Kc8 56. a5 1-0

[Event "PRO League Group Stage"]
[Site "chess.com INT"]
[Date "2020.02.13"]
[Round "6"]
[White "Hellers, Ferdinand"]
[Black "Kashlinskaya, Alina"]
[Result "1-0"]
[WhiteTitle "GM"]
[BlackTitle "IM"]
[WhiteElo "2592"]
[BlackElo "2484"]
[WhiteTeam "Sweden Wasabis"]
[BlackTeam "Poland Hussars"]
[WhiteFideId "1700022"]
[BlackFideId "4198026"]
[EventDate "2020.01.06"]

1. e4 e6 2. d4 d5 3. Nc3 Nf6 4. Bg5 dxe4 5. Nxe4 Be7 6. Bxf6 gxf6 7. Nf3 f5 8.
Ned2 c5 9. Bb5+ Bd7 10. Bxd7+ Qxd7 11. dxc5 Bxc5 12. O-O Nc6 13. Qe2 O-O 14.
Rad1 Qc7 15. c3 Be7 16. Nb3 Bf6 17. Nfd4 Nxd4 18. Nxd4 a6 19. Rd3 Kh8 20. Rfd1
Rg8 21. g3 Rg7 22. Nb3 f4 23. Qf3 Rag8 24. Kh1 Be5 25. Nd2 fxg3 26. hxg3 Bxg3
27. fxg3 Rxg3 28. Qf6+ R3g7 29. Rg1 Qa5 30. Rxg7 Qh5+ 31. Kg1 Rxg7+ 32. Rg3 Qc5+
33. Kf1 Qf8 34. Rd3 1-0

[Event "PRO League Group Stage"]
[Site "chess.com INT"]
[Date "2020.02.13"]
[Round "6"]
[White "Gajewski, Grzegorz"]
[Black "Meshkovs, Nikita"]
[Result "1-0"]
[WhiteTitle "GM"]
[BlackTitle "GM"]
[WhiteElo "2614"]
[BlackElo "2565"]
[WhiteTeam "Poland Hussars"]
[BlackTeam "Sweden Wasabis"]
[WhiteFideId "1116207"]
[BlackFideId "11602740"]
[EventDate "2020.01.06"]

1. e4 c5 2. Nf3 Nc6 3. Bb5 g6 4. O-O Bg7 5. c3 Nf6 6. Re1 O-O 7. d4 cxd4 8. cxd4
d5 9. e5 Ne4 10. Nc3 Bg4 11. Bxc6 Nxc3 12. bxc3 bxc6 13. Ba3 Re8 14. h3 Be6 15.
Nd2 f6 16. Nb3 fxe5 17. dxe5 Rf8 18. Nd4 Qd7 19. Qd2 Bf5 20. f3 Qc7 21. Qe3 Rab8
22. Bc5 Rb2 23. Nb3 a5 24. Ba3 Rc2 25. Nd4 Rb8 26. g4 c5 27. Nxc2 Bxc2 28. Qxc5
Qd7 29. Qxe7 Qa4 30. Qd6 Re8 31. Qxd5+ Kh8 32. Bd6 Qf4 33. Kg2 Qa4 34. Re2 1-0

[Event "PRO League Group Stage"]
[Site "chess.com INT"]
[Date "2020.02.13"]
[Round "6"]
[White "Heberla, Bartlomiej"]
[Black "Amin, Bassem"]
[Result "0-1"]
[WhiteTitle "GM"]
[BlackTitle "GM"]
[WhiteElo "2564"]
[BlackElo "2673"]
[WhiteTeam "Poland Hussars"]
[BlackTeam "Sweden Wasabis"]
[WhiteFideId "1115120"]
[BlackFideId "10601457"]
[EventDate "2020.01.06"]

1. e4 e5 2. Nf3 Nc6 3. Bb5 a6 4. Ba4 Nf6 5. O-O Be7 6. Re1 b5 7. Bb3 d6 8. c3
O-O 9. h3 Nb8 10. d4 Nbd7 11. Nbd2 Bb7 12. Bc2 Re8 13. Nf1 Bf8 14. Ng3 g6 15. a4
c5 16. d5 c4 17. Nh2 Nc5 18. Qf3 Bg7 19. Bg5 h6 20. Be3 Nfd7 21. Ng4 Qh4 22. Nf1
Rf8 23. Nd2 Kh7 24. axb5 axb5 25. Rxa8 Bxa8 26. Ra1 Bb7 27. Ra5 Ba6 28. b4 cxb3
29. Nxb3 Qd8 30. Nxc5 Nxc5 31. Bxc5 Qxa5 32. Bxd6 Qd8 33. Bxf8 Qxf8 34. d6 Qxd6
35. Qxf7 h5 36. Ne3 b4 37. cxb4 Qxb4 38. Nd5 Qf8 39. Qc7 Qc8 40. Bb3 Qxc7 41.
Nxc7 Bd3 42. Bd5 Bf8 43. Ne6 Bb4 44. g3 Kh6 45. Kg2 g5 46. Nd8 Kg6 47. Nc6 Bc3
48. Ne7+ Kf6 49. Nf5 g4 50. h4 Be2 51. Nd6 Bd2 52. Bc4 Bf3+ 53. Kf1 Bb4 54. Ne8+
Kg6 55. Bd5 Bc5 56. Nc7 Bb6 57. Nb5 Bc5 58. Nc3 Bd4 59. Nb5 Bc5 60. Bc6 Kf6 61.
Nc3 Kg6 62. Be8+ Kh6 63. Bc6 Bd4 64. Nb5 Bc5 65. Nc7 Bb6 66. Ne8 Kg6 67. Nd6 Bc5
68. Be8+ Kf6 69. Nb7 Bb4 70. Bxh5 Bxe4 71. Nd8 Bd5 72. Bxg4 Be7 73. Ne6 Bxe6 74.
Bxe6 Kxe6 75. Ke2 Kf5 76. Kf3 e4+ 77. Ke3 Bc5+ 78. Ke2 Kg4 79. h5 Kxh5 80. f3 e3
81. Kd3 Kg5 82. Ke2 Kf5 83. Kd3 Ke5 84. Ke2 Kd4 85. g4 Ke5 86. g5 Kf4 0-1

[Event "PRO League Group Stage"]
[Site "chess.com INT"]
[Date "2020.02.13"]
[Round "6"]
[White "Gajewski, Grzegorz"]
[Black "Hellers, Ferdinand"]
[Result "1-0"]
[WhiteTitle "GM"]
[BlackTitle "GM"]
[WhiteElo "2614"]
[BlackElo "2592"]
[WhiteTeam "Poland Hussars"]
[BlackTeam "Sweden Wasabis"]
[WhiteFideId "1116207"]
[BlackFideId "1700022"]
[EventDate "2020.01.06"]

1. e4 e5 2. Nf3 Nf6 3. Nxe5 d6 4. Nf3 Nxe4 5. d4 d5 6. Bd3 Nc6 7. O-O Be7 8. Re1
Bg4 9. Nbd2 Nxd2 10. Qxd2 Bxf3 11. gxf3 Nxd4 12. Qe3 Ne6 13. Bf5 Qd7 14. Bd2 O-O
15. Bc3 Rae8 16. Rad1 c6 17. Kh1 Qd6 18. Rg1 g6 19. Be5 d4 20. Qe4 Nc5 21. Qf4
Qd5 22. c4 Bg5 23. cxd5 Bxf4 24. Bxf4 Re2 25. Bd6 1-0

[Event "PRO League Group Stage"]
[Site "chess.com INT"]
[Date "2020.02.13"]
[Round "6"]
[White "Meshkovs, Nikita"]
[Black "Kashlinskaya, Alina"]
[Result "0-1"]
[WhiteTitle "GM"]
[BlackTitle "IM"]
[WhiteElo "2565"]
[BlackElo "2484"]
[WhiteTeam "Sweden Wasabis"]
[BlackTeam "Poland Hussars"]
[WhiteFideId "11602740"]
[BlackFideId "4198026"]
[EventDate "2020.01.06"]

1. Nf3 d5 2. g3 c6 3. Bg2 Bg4 4. O-O Nd7 5. d4 e6 6. Nbd2 Ngf6 7. Re1 Be7 8. e4
O-O 9. h3 Bh5 10. e5 Ne8 11. Nf1 c5 12. c3 Nc7 13. Bf4 Rc8 14. Rc1 Na6 15. Qb3
Bxf3 16. Bxf3 cxd4 17. cxd4 Nb4 18. Rxc8 Qxc8 19. Rc1 Nc6 20. Be3 Qb8 21. Be2
Rc8 22. Nd2 a6 23. Kg2 h6 24. h4 b5 25. Qd1 Na5 26. b3 Ba3 27. Rxc8+ Qxc8 28.
Nb1 Bf8 29. Bd3 Nc6 30. a3 Qb7 31. Kg1 Qb6 32. Bc2 Be7 33. Qd3 Nf8 34. h5 Qa5
35. b4 Qc7 36. Nc3 Bxb4 37. Ne2 Be7 38. Qc3 Qb6 39. Nf4 Na5 40. Nd3 Nc4 41. Bc1
a5 42. Nf4 b4 43. axb4 axb4 44. Qd3 Qa7 45. Kg2 Qa1 46. Be3 Qb2 47. Qb3 Qxb3 48.
Bxb3 Nd7 49. Nd3 Nb8 50. Ba4 Na6 51. Kf3 Nb6 52. Bb5 Nc7 53. Bc6 Nc4 54. Ke2 f6
55. f4 Kf7 56. Bc1 Bd8 57. Kd1 Na6 0-1